header

Protein-ligand interactions (Record no. 88738)

MARC details
000 -LEADER
fixed length control field 01535nam a2200349 a 4500
245 00 - TITLE STATEMENT
Title Protein-ligand interactions
260 ## - PUBLICATION, DISTRIBUTION, ETC. (IMPRINT)
Place of publication Weinheim :
Name of publisher Wiley-VCH,
Year of publication 2012.
300 ## - PHYSICAL DESCRIPTION
Number of Pages xx, 339 p. :
Other physical details ill. (some col.).
490 1# - SERIES STATEMENT
Series statement Methods and principles in medicinal chemistry ;
505 0# - FORMATTED CONTENTS NOTE
Formatted contents note pt. 1. Binding thermodynamics -- pt. 2. Learning from biophysical experiments -- pt. 3. Modeling protein-ligand interactions -- pt. 4. Challenges in molecular recognition.
650 #0 - SUBJECT ADDED ENTRY--TOPICAL TERM
Topical Term Proteins.
Topical Term Ligands (Biochemistry)
Topical Term Ligand binding (Biochemistry)
Topical Term Drugs
700 1# - ADDED ENTRY--PERSONAL NAME
Personal name Gohlke, Holger.
856 40 - ELECTRONIC LOCATION AND ACCESS
Uniform Resource Identifier http://site.ebrary.com/lib/rucke/Doc?id=10558733

No items available.

© 2026 Rongo University
Contact us: librarian | system librarian | Rongo university